000 00971nam a22002297a 4500
005 2009111306196.0
008 091113t xxu||||| |||| 00| 0 eng d
010 _aENG-95501
020 _a9788131306468
_c595.00
035 _aEN-78034
037 _bDBAD/PUB
040 _aDPL
100 _aSiddiqui, Mujibul Hasan
245 _aAdvanced Educational Phychology
_c by Mujibul Hasan Siddiqui
260 _aNew Delhi
_bAPH. Publishing Corporation
_c2009
270 _a4435-36/7 Ansari Road, Darya Ganj
_bNew Delhi
_e110002
300 _a vii, 196p.
_c22 cm.(Hb)
856 _uhttp://www.loc.gov/catdir/toc/ecip0721/2007025342.html
942 _2ddc
_cEN
_mSID
999 _c31937
_d31937